Kominterun Dai 7-kai Taikai no shin senjutsu ga saibanjō ni oyoboshitaru eikyō,

Saved in:
Bibliographic Details
Main Author: Okada, Masaji, 1892-
Format: Book
Language:Japanese
Published: Kyōto, Tōyō Bunkasha, 1973.
Series:Shakai mondai shiryō sōsho.
Shisō kenkyū shiryō. Tokushū ; dai 63-gō.
Subjects:
Tags: Add Tag
No Tags, Be the first to tag this record!
LEADER 01695cam a2200373 4500
001 007741356-3
005 20024617120653.0
008 910404r19731939ja 000 0 jpn
010 |a 73810091 /J 
015 |a Ja73-14898 
035 0 |a ocm23375544 
040 |a DLC  |c WaU  |d *YNH*  |d CStRLIN 
050 0 |a HX411  |b .O37 
100 1 |6 880-01  |a Okada, Masaji,  |d 1892- 
245 1 0 |6 880-02  |a Kominterun Dai 7-kai Taikai no shin senjutsu ga saibanjō ni oyoboshitaru eikyō,  |c Okada Masaji cho. 
260 |6 880-03  |a Kyōto,  |b Tōyō Bunkasha,  |c 1973. 
300 |a 399 p.  |c 22 cm. 
490 1 |6 880-04  |a Shakai mondai shiryō sōsho. Dai 1-shū 
500 |6 880-05  |a Reprint of the 1939 ed., which was issued as Shihōshō Keijikyoku "Shisō kenkyū shiryō" tokushū dai 63-gō. 
650 0 |a Communism  |z Japan  |x Societies, etc. 
610 2 0 |a Communist International. 
650 0 |a Communist trials  |z Japan. 
740 0 |a Kominterun Dainanakai Taikai no shin senjutsu ga saibanjō ni oyoboshitaru eikyō. 
880 1 |6 100-01  |a 岡田政司,  |d 1892- 
880 1 0 |6 245-02  |a コミンテルン第7回大會の新戰術が裁判上に及ぼしたる影響,  |c 岡田政司著. 
880 |6 260-03  |a 京都,  |b 東洋文化社,  |c 1973. 
880 1 |6 490-04  |a 社会問題資料叢書. 第1輯 
880 |6 500-05  |a Reprint of the 1939 ed., which was issued as 司法省刑事局「思想研究資料」特輯第63號. 
830 0 |6 880-54  |a Shakai mondai shiryō sōsho.  |n Dai 1-shū. 
880 0 |6 830-54  |a 社会問題資料叢書.  |n 第1輯. 
830 0 |6 880-06  |a Shisō kenkyū shiryō.  |p Tokushū ;  |v dai 63-gō. 
880 0 |6 830-06  |a 思想研究資料.  |p 特輯,  |v 第63號. 
988 |a 20021214 
906 |0 DLC